| 000 | 00378nam a2200133Ia 4500 | ||
|---|---|---|---|
| 008 | 211119s9999||||xx |||||||||||||| ||und|| | ||
| 082 |
_a621.381 _bNAG-M |
||
| 100 | _aNagehoundhuri, Dipankar | ||
| 245 | 0 | _aMicroelectrinic Devices | |
| 260 |
_bPearson Education _aDelhi _c2001 |
||
| 300 | _axiv+4 | ||
| 650 |
_aTechnology _vApplied PhysicsManagement _xMBA LIBRARY |
||
| 942 | _cBOOK | ||
| 999 |
_c105580 _d105580 |
||